Personnel d'un collège standard - Statistics

General Stats
  • This quiz has been taken 79 times
  • The average score is 8 of 16
Answer Stats
Hint Answer % Correct
Enseignant
98%
Surveillant
85%
CPE
78%
Elève
65%
Principal
60%
Secrétaire de direction
60%
Secrétaire d'intendance
60%
Infirmière
55%
Principal adjoint
55%
Agent de service
43%
Conseiller d'orientation
40%
Intendant
32%
Agent d'accueil
25%
Chef cuisinier
22%
Médecin scolaire
18%
Assistante sociale
12%
No matching quizzes found
Score Distribution
Percent of People with Each Score
Percentile by Number Answered
Your Score History
You have not taken this quiz